Ser o perecer?: sustentabilidad y comunicación en las organizaciones

Saved in:
Bibliografiske detaljer
Hovedforfatter: Dinamarca, Hernán (Author)
Format: Bog
Sprog:spansk
Udgivet: Santiago Planeta Sostenible EIRL 2013
Udgivelse:1a. ed
Fag:
Tags: Tilføj Tag
Ingen Tags, Vær først til at tagge denne postø!

MARC

LEADER 00000cam a2200000 a 4500
001 UCF8302
003 CL-VaPUC
008 130829e20130700cl |||||||||||||||||spa|d
020 |a 9789568937119 
082 0 4 |a 658.8  |b DIN  |2 21 
100 0 |a Dinamarca, Hernán  |e author  |9 570393 
245 1 0 |a Ser o perecer?: sustentabilidad y comunicación en las organizaciones 
250 |a 1a. ed 
300 |a 304 p 
942 |c BK 
945 |d 20130829 16:44:00  |a dcastane 
260 |a Santiago  |b Planeta Sostenible EIRL  |c 2013 
650 0 |a Responsabilidad social empresarial  |9 525230 
650 0 |a Sostenibilidad  |9 542300 
650 0 |a Marketing estratégico  |9 358049 
583 |a last modification  |c 20130903 04:53:54  |k Rodrigo Vera 
999 |c 352905  |d 352903 
952 |0 0  |1 0  |3 erb  |4 0  |6 658_800000000000000_DIN_2013  |7 0  |8 A  |9 457695  |a BIBDER  |b BIBDER  |d 2019-11-23  |i 4994930  |l 2  |o 658.8 DIN 2013  |p 4994930  |r 2023-01-25  |s 2022-10-11  |w 2019-11-23  |y BK  |z Catalogado en:20130829  |k DER